| 000 | 00503nam a2200157 i 4500 | ||
|---|---|---|---|
| 001 | bg | ||
| 245 | 0 |
_aPrawo wodne oraz przepisy oraz przepisy wykonawcze i związkowe / _coprac. Eugeniusz Jabłoński i Witold Wołłejko. |
|
| 250 | _awg stanu prawnego na dzień 1 stycznia 1979 r. | ||
| 260 |
_aWarszawa, _c1979. |
||
| 700 | 1 |
_aJabłoński, Eugeniusz. _eOprac. |
|
| 700 | 1 |
_aWołłejko, Witold. _eOprac. |
|
| 040 | _cBPK | ||
| 041 | _apol | ||
| 942 | _cKS | ||
| 008 | s pl f |000 0 pol | ||
| 999 |
_c18633 _d18633 |
||
| 856 |
_uhttp://koha.tu.koszalin.pl/cgi-bin/koha/opac-detail.pl?biblionumber=18633 _yKatalog online BPK |
||